[Event "Opole AZS op 1st"]
[Site "Opole"]
[Date "2023.08.15"]
[Round "1"]
[White "Klisowski, Szymon"]
[Black "Bartel, Mateusz"]
[Result "0-1"]
[WhiteElo "1365"]
[BlackElo "2533"]
[PlyCount "70"]
[EventDate "2023.08.15"]
[EventType "swiss (rapid)"]
[EventRounds "9"]
[EventCountry "POL"]
[SourceTitle "EXT 2024"]
[Source "ChessBase"]
[SourceDate "2023.10.10"]
[SourceVersion "1"]
[SourceVersionDate "2023.10.10"]
[SourceQuality "1"]

1. Nf3 Nf6 2. g3 b5 3. Bg2 Bb7 4. 0-0 e6 5. d4 Be7 6. Bf4 0-0 7. Nbd2 Nd5 8. e3 d6 9. c4 bxc4 10. Nxc4 a5 11. Re1 Nd7 12. Rc1 h6 13. e4 Nxf4 14. gxf4 d5 15. exd5 Bxd5 16. b3 Nb6 17. Nfe5 Bxg2 18. Kxg2 Qd5+ 19. Kg1 Rad8 20. Nxb6 cxb6 21. Nc6 Rd7 22. Nxe7+ Rxe7 23. Re5 Qd6 24. Qd2 Rd8 25. Rd1 Red7 26. Re4 Qc6 27. Qe2 Rd5 28. Qc4 Rc5 29. dxc5 Rxd1+ 30. Kg2 bxc5 31. Qa4 Qd5 32. Qc4 Qh5 33. h3 Qg6+ 34. Kf3 Qg1 35. Qxc5 Qh1+ 0-1

[Event "Polanica Zdroj op-E 56th"]
[Site "Polanica Zdroj"]
[Date "2020.08.15"]
[Round "1"]
[White "Klisowski, Szymon"]
[Black "Jankowski, Igor"]
[Result "0-1"]
[WhiteElo "1155"]
[BlackElo "1606"]
[PlyCount "60"]
[EventDate "2020.08.15"]
[EventType "swiss"]
[EventRounds "9"]
[EventCountry "POL"]
[SourceTitle "CBM 198 Extra"]
[Source "ChessBase"]
[SourceDate "2020.11.30"]
[SourceVersion "1"]
[SourceVersionDate "2020.11.30"]
[SourceQuality "1"]

1. Nf3 e6 2. g3 f5 3. c4 Nf6 4. Nc3 d5 5. cxd5 exd5 6. Bg2 c6 7. 0-0 Bd6 8. Qc2 0-0 9. d4 Ne4 10. Nxe4 fxe4 11. Ne5 Nd7 12. Bf4 Nf6 13. f3 Qb6 14. Rad1 Re8 15. Kh1 Bf5 16. fxe4 Nxe4 17. Kg1 Nxg3 18. Qd2 Nxf1 19. Rxf1 Bxe5 20. Bxe5 Rxe5 21. Kh1 Ree8 22. Rxf5 Rf8 23. Rh5 Rf6 24. Bh3 Qc7 25. Qe3 Qf4 26. Qxf4 Rxf4 27. e3 Rf2 28. Kg1 Rxb2 29. Be6+ Kh8 30. Bf5 h6 0-1